| 000 | 00647nam a22001577a 4500 | ||
|---|---|---|---|
| 008 | 170823b xxu||||| |||| 00| 0 eng d | ||
| 082 |
_22017 _aUT 0858 _bSo42 |
||
| 100 |
_922420 _aSolatorio, Christine Joy S. |
||
| 245 |
_aThe Contribution of the Commercial Banks to Economic Development in Digos City/ _cChristine Joy S. Solatorio, Ina Faye Boraquit and Nerra Mae Llamas. |
||
| 260 |
_aDigos City: _bUMDC _cJanuary 2017. |
||
| 300 |
_a53 pages; _c30 cm. |
||
| 650 | 0 |
_922421 _aBusiness Administration _vFinancial Management _xUndergraduate thesis. |
|
| 700 |
_922422 _aBoraquit, Ina Faye. |
||
| 700 |
_922423 _aLlamas, Nerra Mae. |
||
| 942 |
_2ddc _cUT |
||
| 999 |
_c7378 _d7378 |
||